| 000 | 00724nam a2200241Mi 4500 | ||
|---|---|---|---|
| 001 | 96780 | ||
| 005 | 20230411090056.0 | ||
| 008 | 000101s1972 sp 000 0 spa d | ||
| 035 | _a(OCoLC)ocn253981140 | ||
| 040 |
_aGyGoGBV _erakwb _bger _cGBVCP |
||
| 024 | 8 | _aSPKT230214 | |
| 035 | _a(OCoLC)253981140 | ||
| 049 | _aGRAL | ||
| 100 | 1 | _aPrimo de Rivera, José Antonio. | |
| 245 | 1 | 0 |
_aDignidad humana y justicia social : _bdiscursos y escritos / _cJosé Antonio Primo de Rivera. Recop. de Agustín del Río Cisneros. |
| 250 | _a2. ed. | ||
| 260 |
_aMadrid : _bEd. del Movimiento, _c1972. |
||
| 300 | _a290 p. | ||
| 700 | 1 | _aRío Cisneros, Agustín del. | |
| 942 |
_2lcc _cbk |
||
| 994 |
_aC0 _bDRFGD |
||
| 946 | _aJP | ||
| 999 |
_c112029 _d112029 |
||